Friction based additive manufacturing technologies : Principles for building in solid state, benefits, limitations, and applications /

Saved in:
Bibliographic Details
Main Authors: Rathee, Sandeep (Author), Srivastava, Manu (Author), Maheshwari, Sachin (Author), Kundra, T. K. (Author), Siddiquee, Arshad Noor (Author)
Format: Book
Language:English
Subjects:
Tags: Add Tag
No Tags, Be the first to tag this record!

MARC

LEADER 00000nam a22000003a 4500
001 0106369
003 SK-STU
005 20231116132041.0
007 ta
008 231116s ----xo-----e------000-0-----d
020 |a 978-0-367-78133-0 
040 |a STU  |b slo 
041 0 |a eng 
044 |a xxu 
100 1 |a Rathee, Sandeep  |4 aut 
245 1 0 |a Friction based additive manufacturing technologies :  |b Principles for building in solid state, benefits, limitations, and applications /  |c aut. Sandeep Rathee, Manu Srivastava, Sachin Maheshwari, T. K Kundra, Arshad Noor Siddiquee 
650 0 7 |a aditívna výroba 
700 1 |a Srivastava, Manu  |4 aut 
700 1 |a Maheshwari, Sachin  |4 aut 
700 1 |a Kundra, T. K.  |4 aut 
700 1 |a Siddiquee, Arshad Noor  |4 aut 
996 |b 284M089452  |c M* 14804-1  |l MMKN  |s A  |a 24  |w 0106369_0001